| 000 | nam a22 a 4500 | ||
|---|---|---|---|
| 999 |
_c4791 _d4791 |
||
| 003 | AKMAL | ||
| 005 | 20190429153257.0 | ||
| 008 | 050216s2005 my | e | 000 f may d | ||
| 020 |
_a9789831241202 _cRM19.90 |
||
| 082 | 0 | 4 |
_a899.2333 _222 |
| 090 | 0 | 0 |
_a899.2333 _bAIS |
| 100 | 0 |
_aAisya Sofea _99139 |
|
| 245 | 1 | 0 |
_aSehangat asmara / _cAisya Sofea |
| 260 |
_aShah Alam : _bAlaf 21, _c2003 |
||
| 300 |
_a548ms. : _c19cm. |
||
| 520 | _aKamilia Najwa dan Zainal Arief. pandang pertama mereka memutikkan cinta dan berakhir dengan perkahwinan di London tanpa restu keluarga. Namun, badai asmara mereka sentiasa membakar di sebuah bilik kecil di Oxford dengan janji sehidup semati. kebahagiaan mereka tiba-tiba terhenti! Zainal terpaksa pulang ke tanah air... | ||
| 650 | 1 | 0 |
_aMalay fiction _92141 |
| 942 |
_2ddc _cBOOK |
||